<?xml version="1.0" encoding="UTF-8"?>
<record
    xmlns:xsi="http://www.w3.org/2001/XMLSchema-instance"
    xsi:schemaLocation="http://www.loc.gov/MARC21/slim http://www.loc.gov/standards/marcxml/schema/MARC21slim.xsd"
    xmlns="http://www.loc.gov/MARC21/slim">

  <leader>01471    a2200193   4500</leader>
  <controlfield tag="001">59479</controlfield>
  <controlfield tag="005">20260407155849.0</controlfield>
  <controlfield tag="008">260407a1966    arg                 spa d</controlfield>
  <controlfield tag="003">AR-UNSa-BCEJYS</controlfield>
  <datafield tag="040" ind1=" " ind2=" ">
    <subfield code="a">AR-UNSa-BCEJYS</subfield>
    <subfield code="b">spa</subfield>
    <subfield code="c">AR-UNSa-BCEJYS</subfield>
  </datafield>
  <datafield tag="080" ind1=" " ind2=" ">
    <subfield code="a">330.34</subfield>
    <subfield code="x">Desarrollo Econ&#xF3;mico</subfield>
  </datafield>
  <datafield tag="245" ind1="1" ind2="0">
    <subfield code="a">El desarrollo econ&#xF3;mico y la po&#xED;tica fiscal</subfield>
  </datafield>
  <datafield tag="264" ind1=" " ind2="1">
    <subfield code="a">Buenos Aires :</subfield>
    <subfield code="b">Ediciones Macchi</subfield>
    <subfield code="c">1966</subfield>
  </datafield>
  <datafield tag="300" ind1=" " ind2=" ">
    <subfield code="a">226 p.</subfield>
    <subfield code="c">23 cm.</subfield>
  </datafield>
  <datafield tag="505" ind1=" " ind2=" ">
    <subfield code="a">Primera Parte: Las ideas y doctrinas que vinculan a la pol&#xED;tica fiscal con el desarrollo econ&#xF3;mico: 1. De las finanzas p&#xFA;blicas a la pol&#xED;tica fiscal como integrante de la pol&#xED;tica econ&#xF3;mica - Segunda Parte: Examen cr&#xED;tico de la evoluci&#xF3;n de las finanzas p&#xFA;blicas nacionales: 2. Historia y evoluci&#xF3;n de las finanzas p&#xFA;blicas nacionales hasta 1930 - 3. La reestructuraci&#xF3;n financiera posterior a 1930 - 4. El ordenamiento financiero inaugurado en 1946 - 5. Los or&#xED;genes de la situaci&#xF3;n actual - Tercera Parte: La incompatibilidad de la pol&#xED;tica fiscal argentina con el desarrollo global de la econom&#xED;a y proposiciones para superarla: 6. Las caracter&#xED;sticas mas notorias en la evoluci&#xF3;n de las finanzas p&#xFA;blicas nacionales - 7. Observaciones acerca de las caracter&#xED;sticas y los efectos econ&#xF3;micos de la pol&#xED;tica fiscal - 8. Proposiciones para compatibilizar la pol&#xED;tica fiscal con el desarrollo econ&#xF3;mico</subfield>
  </datafield>
  <datafield tag="942" ind1=" " ind2=" ">
    <subfield code="c">BK</subfield>
  </datafield>
  <datafield tag="590" ind1=" " ind2=" ">
    <subfield code="a">niveau_biblio:m niveau_hierar:0</subfield>
  </datafield>
  <datafield tag="100" ind1="1" ind2=" ">
    <subfield code="a">Forino, Sabatino A.</subfield>
  </datafield>
  <datafield tag="999" ind1=" " ind2=" ">
    <subfield code="c">6701</subfield>
    <subfield code="d">6701</subfield>
  </datafield>
  <datafield tag="952" ind1=" " ind2=" ">
    <subfield code="0">0</subfield>
    <subfield code="1">0</subfield>
    <subfield code="4">0</subfield>
    <subfield code="7">0</subfield>
    <subfield code="a">BCEJYS</subfield>
    <subfield code="b">BCEJYS</subfield>
    <subfield code="c">16</subfield>
    <subfield code="d">2026-04-07</subfield>
    <subfield code="l">0</subfield>
    <subfield code="o">330.34 F692</subfield>
    <subfield code="p">L24078</subfield>
    <subfield code="r">2026-04-07 15:58:49</subfield>
    <subfield code="w">2026-04-07</subfield>
    <subfield code="y">L</subfield>
  </datafield>
  <datafield tag="952" ind1=" " ind2=" ">
    <subfield code="0">0</subfield>
    <subfield code="1">0</subfield>
    <subfield code="4">0</subfield>
    <subfield code="7">0</subfield>
    <subfield code="a">BCEJYS</subfield>
    <subfield code="b">BCEJYS</subfield>
    <subfield code="c">16</subfield>
    <subfield code="d">2026-04-07</subfield>
    <subfield code="l">0</subfield>
    <subfield code="o">330.34 F692</subfield>
    <subfield code="p">L24079</subfield>
    <subfield code="r">2026-04-07 15:58:49</subfield>
    <subfield code="w">2026-04-07</subfield>
    <subfield code="y">L</subfield>
  </datafield>
</record>
